000 00256nam a22001097a 4500
082 _a621.3 POO'E
100 _aPOOLE, S,JACKSON, P. A
_979297
245 _aELECTRICAL CONTROL ENGINEERING
250 _aVOL-1
260 _aLONDON
_bILIFFE
_c1967
942 _cBK
999 _c584348
_d584348